| 000 | 01172nam a22002537a 4500 | ||
|---|---|---|---|
| 005 | 20081117123210.0 | ||
| 008 | 081117t xxu||||| |||| 00| 0 hin d | ||
| 010 | _aHIN-84944 | ||
| 020 |
_c225.00 _a9788190750165 |
||
| 035 | _aHN-57290 | ||
| 037 | _bDBAD / PUB | ||
| 040 |
_aDPL _bHN |
||
| 082 | _a571.6 | ||
| 100 | _aसच्चिदानंद सिंह | ||
| 245 |
_aकोशिका और जीवन / _cसच्चिदानंद सिंह |
||
| 246 |
_aKoshika aur Jeevan _bbySachidanand Singh |
||
| 260 |
_aपटना _bजागृति साहित्य प्रकाशन _c2008 |
||
| 270 |
_aसाईस कॉलेज के सामने, अशोक राजपथ _bपटना _e800006 |
||
| 300 |
_a96पृ _c22सेमी (सजिल्द) |
||
| 650 | _aकोशिका जीवतत्व | ||
| 650 | _aCell physiology | ||
| 942 |
_2ddc _cHN _mसच्चिदा _h571.6 |
||
| 999 |
_c18500 _d18500 |
||